| 000 | 01937nam0a2200445 4500 | ||
|---|---|---|---|
| 001 | RU\NLR\bibl\155650 | ||
| 005 | 20260410151750.0 | ||
| 010 |
_a5-7713-0028-4 _915000 |
||
| 021 |
_aRU _b2001-2190 _9115 |
||
| 035 | _a(NLR Aleph) 000152640 | ||
| 090 |
_a876359 _c876359 |
||
| 100 | _a20010316d2000 u y0rusy50 ca | ||
| 101 | 0 | _arus | |
| 102 | _aRU | ||
| 105 | _aa ||||||||| | ||
| 200 | 1 |
_aМоторные масла _eПроизводство. Свойства. Классификация. Применение _fР. Балтенас, А. С. Сафонов, А. И. Ушаков, В. Шергалис _gНПИКЦ, Санкт-Петербург, Рос. Федерация |
|
| 210 |
_aМ. _cАльфа-Лаб _aСПб. _cБ.и. _d2000 |
||
| 215 |
_a146,[124] с. _cил. _d24 |
||
| 225 | 1 | _aАвтомобильные смазочные материалы и специальные жидкости | |
| 313 | _aавтомоб. | ||
| 320 | _aБиблиогр. в конце кн. | ||
| 461 | 0 |
_12001#$aАвтомобильные смазочные материалы и специальные жидкости _tАвтомобильные смазочные материалы и специальные жидкости |
|
| 606 | 0 |
_aАвтомобильные двигатели _xСмазочные масла _9891223 _3RU\NLR\auth\662039 |
|
| 610 | 0 | _aМоторные масла | |
| 675 |
_a662.75+665.7 _v3 _zrus |
||
| 686 |
_a61 _2rugasnti |
||
| 686 |
_a35.514 _2rubbk |
||
| 686 | _aЛ543.223-106 | ||
| 686 | _aО33-082-326.1 | ||
| 701 | 1 |
_aБалтенас _bР. _4070 |
|
| 701 | 1 |
_aСафонов _bА. С. _4070 |
|
| 701 | 1 |
_aУшаков _bА. И. _gАлексей Иванович _4070 |
|
| 701 | 1 |
_aШергалис _bВ. _4070 |
|
| 801 | 0 |
_aRU _bRKP _c20010316 _gPSBO |
|
| 801 | 1 |
_aRU _bRKP _c20010316 |
|
| 801 | 2 |
_aRU _bNLR _c20010605 _grcr |
|
| 942 | _cBOOK | ||
| 980 | _aNB | ||